000 00900nam a22002897a 4500
001 4957
003 FISKH
005 20250814145749.0
008 241028b cb ||||| |||| 00| 0 eng d
020 _a9780545420952
040 _aFISKH
_beng
_cFISKH
_dFISKH
050 _aQP361.P365
082 _a612.8
100 _aSimon, Seymour
245 _aThe Brain :
_bOur Nervous System /
_cby Seymour Simon
260 _aNew York :
_bScholastic ;
_c1997.
300 _a32 pages :
_bcolor illustrations ;
_c24 cm .
490 _aHuman Body
505 _aZ
520 _aDescribes the various parts of the brain and the nervous system and how they function to enable us to think, feel, move, and remember.
521 8 _a900
_bLexile
521 8 _aZ
_bRaz-Plus
650 _anervous system
_vnon-fiction
700 _aNeumann, Ann
_eartist
942 _2ddc
_cBK
_n0
999 _c4957
_d4957